[Event "Gallipoli Salento op 9th"]
[Site "Gallipoli"]
[Date "2020.09.20"]
[Round "2"]
[White "Corvino, Marco Antonio"]
[Black "Castaldo, Antonio"]
[Result "1-0"]
[WhiteElo "1617"]
[BlackElo "1490"]
[PlyCount "83"]
[EventDate "2020.09.19"]
[EventType "swiss"]
[EventRounds "9"]
[EventCountry "ITA"]
[SourceTitle "CBM 198 Extra"]
[Source "ChessBase"]
[SourceDate "2020.11.30"]
[SourceVersion "1"]
[SourceVersionDate "2020.11.30"]
[SourceQuality "1"]

1. e4 d6 2. d4 Nf6 3. Nc3 g6 4. Bc4 Bg7 5. f3 0-0 6. Be3 Nbd7 7. Qd2 c5 8. Nge2 Nb6 9. Bb5 a6 10. dxc5 axb5 11. cxb6 Bd7 12. Bd4 Bc6 13. 0-0 e5 14. Be3 Qe7 15. Nd5 Bxd5 16. exd5 Ne8 17. Bh6 Qd8 18. Be3 f5 19. c3 Nf6 20. h3 f4 21. Bf2 g5 22. c4 bxc4 23. Nc3 Qd7 24. a4 Ra5 25. Nb5 Rfa8 26. Qb4 Nxd5 27. Qxc4 Qc6 28. Qxc6 bxc6 29. Nxd6 Rd8 30. b7 Ra6 31. Nc8 e4 32. b8Q e3 33. Ne7+ Nxe7 34. Qxd8+ Kf7 35. Be1 Nd5 36. Qd7+ Kg6 37. Qe6+ Kh5 38. Bc3 Nxc3 39. bxc3 Bxc3 40. Rfc1 Bd4 41. Qe4 Bxa1 42. Rxa1 1-0

[Event "Ivrea Autumn Cup 24th"]
[Site "Ivrea"]
[Date "2013.10.29"]
[Round "4"]
[White "Castaldo, Antonio"]
[Black "Grosso, Giacomo"]
[Result "1-0"]
[WhiteElo "1557"]
[BlackElo "1282"]
[PlyCount "59"]
[EventDate "2013.10.10"]
[EventType "swiss"]
[EventRounds "9"]
[EventCountry "ITA"]
[SourceTitle "EXT 2017"]
[Source "ChessBase"]
[SourceDate "2016.10.25"]
[SourceVersion "1"]
[SourceVersionDate "2016.10.25"]
[SourceQuality "1"]

1. Nf3 c5 2. g3 Nc6 3. Bg2 Nf6 4. d3 d5 5. 0-0 e6 6. Nc3 Be7 7. e4 0-0 8. Kh1 d4 9. Ne2 Nd7 10. Ne1 e5 11. f4 Qb6 12. b3 Qa6 13. fxe5 Ndxe5 14. Nf4 Bg5 15. Nd5 Bxc1 16. Qxc1 Be6 17. Nc7 Qb6 18. Nxa8 Rxa8 19. h3 Qc7 20. Kh2 Qd7 21. Nf3 Nxf3+ 22. Rxf3 Ne5 23. Rf2 Rf8 24. Qd2 f5 25. Raf1 g6 26. g4 Rf7 27. gxf5 gxf5 28. exf5 Rxf5 29. Rxf5 Bxf5 30. Qg5+ 1-0

[Event "Ivrea Autumn Cup 23rd"]
[Site "Ivrea"]
[Date "2012.11.29"]
[Round "9"]
[White "Castaldo, Antonio"]
[Black "Bozza, Alberto"]
[Result "1-0"]
[WhiteElo "1604"]
[BlackElo "1568"]
[PlyCount "87"]
[EventDate "2012.09.22"]
[EventType "swiss"]
[EventRounds "9"]
[EventCountry "ITA"]
[SourceTitle "EXT 2014"]
[Source "ChessBase"]
[SourceDate "2013.11.20"]
[SourceVersion "1"]
[SourceVersionDate "2013.11.20"]
[SourceQuality "1"]

1. Nf3 Nf6 2. g3 g6 3. Bg2 Bg7 4. 0-0 0-0 5. d3 d5 6. Nbd2 d4 7. Nb3 Nc6 8. e4 dxe3 9. fxe3 Bg4 10. Qe2 Qc8 11. c3 Rd8 12. d4 e5 13. Qc2 Bf5 14. Qe2 Bg4 15. Qe1 e4 16. Nfd2 Bf5 17. Nc4 Re8 18. Bd2 Qe6 19. Na3 b6 20. c4 Qe7 21. Bc3 a6 22. Nc2 Qd7 23. Nd2 Bh3 24. Qf2 Bf5 25. Rfe1 Rad8 26. d5 Ne5 27. Bxe5 Ng4 28. Qe2 Rxe5 29. h3 Nf6 30. Kh2 c6 31. dxc6 Qxd2 32. Rad1 Qxe2 33. Rxd8+ Re8 34. Rxe8+ Nxe8 35. Rxe2 Bxb2 36. Nd4 Bxd4 37. exd4 Nf6 38. c7 Kf8 39. Bxe4 Nxe4 40. Rxe4 h5 41. Re5 Bd7 42. d5 a5 43. d6 a4 44. Re7 1-0

[Event "Ivrea Eporediese op 29th"]
[Site "Ivrea"]
[Date "2012.03.01"]
[Round "6"]
[White "Castaldo, Antonio"]
[Black "Bozza, Alberto"]
[Result "1-0"]
[WhiteElo "1651"]
[BlackElo "1589"]
[PlyCount "107"]
[EventDate "2012.01.26"]
[EventType "swiss"]
[EventRounds "9"]
[EventCountry "ITA"]
[SourceTitle "EXT 2014"]
[Source "ChessBase"]
[SourceDate "2013.11.20"]
[SourceVersion "1"]
[SourceVersionDate "2013.11.20"]
[SourceQuality "1"]

1. Nf3 d6 2. g3 e5 3. d3 f5 4. Bg2 Nf6 5. Nc3 Be6 6. Ng5 Bc8 7. 0-0 Be7 8. Nf3 Nc6 9. Bg5 Be6 10. e4 h6 11. Bxf6 Bxf6 12. exf5 Bxf5 13. Nd5 Be6 14. Nxf6+ Qxf6 15. c3 0-0 16. h3 Bxh3 17. Bxh3 Qxf3 18. Qb3+ Kh8 19. Qxb7 Rab8 20. Qxc7 Rfc8 21. Qxd6 Rd8 22. Bg2 Qxg2+ 23. Kxg2 Rxd6 24. Rab1 Rxd3 25. Rfe1 Rd2 26. b4 Rf8 27. b5 Rfxf2+ 28. Kh3 Rh2+ 29. Kg4 h5+ 30. Kg5 Ne7 31. Rxe5 Rd5 32. Rxd5 Nxd5 33. c4 Nc3 34. Re1 Kh7 35. Re7 Rxa2 36. Kxh5 Ra4 37. Rc7 Nd5 38. cxd5 Rd4 39. Rc5 Rd3 40. Kg4 Kh6 41. Rc6+ g6 42. d6 Rd5 43. b6 axb6 44. Rxb6 Rd4+ 45. Kf3 Kh5 46. Ke3 Rd1 47. Kf4 g5+ 48. Ke5 Re1+ 49. Kd5 Rd1+ 50. Ke6 Re1+ 51. Kd7 Kg6 52. Kd8 Re6 53. Kc7 Kf7 54. d7 1-0

[Event "Ivrea op 15th"]
[Site "Ivrea"]
[Date "2011.04.03"]
[Round "4"]
[White "Castaldo, Antonio"]
[Black "Bellia, Mario"]
[Result "1-0"]
[WhiteElo "1669"]
[BlackElo "1574"]
[PlyCount "89"]
[EventDate "2011.04.01"]
[EventType "swiss"]
[EventRounds "5"]
[EventCountry "ITA"]
[SourceTitle "EXT 2024"]
[Source "ChessBase"]
[SourceDate "2023.10.10"]
[SourceVersion "1"]
[SourceVersionDate "2023.10.10"]
[SourceQuality "1"]

1. Nf3 d5 2. g3 Nf6 3. Bg2 c6 4. 0-0 Nbd7 5. d3 e6 6. Nc3 Be7 7. e4 d4 8. Ne2 e5 9. Bg5 h6 10. Bxf6 Bxf6 11. Ne1 0-0 12. f4 Qc7 13. c3 Re8 14. cxd4 exd4 15. e5 Bd8 16. Nxd4 Qb6 17. Nef3 Qxb2 18. Nb3 Bb6+ 19. Kh1 Qa3 20. d4 a5 21. Qc1 Qf8 22. Nbd2 c5 23. d5 f6 24. e6 Nb8 25. Nh4 Bd8 26. f5 Qd6 27. Nc4 Qa6 28. Qd2 Qxc4 29. d6 Qd4 30. Qxd4 cxd4 31. Rfd1 Bb6 32. Ng6 Kh7 33. Ne7 Bc5 34. Nxc8 Rxc8 35. d7 Rd8 36. Rac1 Na6 37. Bxb7 Ra7 38. Bxa6 Rxa6 39. Rxc5 Raa8 40. Rxd4 g6 41. g4 gxf5 42. gxf5 h5 43. Rdc4 Rdb8 44. Rc8 Rb1+ 45. Rc1 1-0

[Event "Ivrea Eporediese op 28th"]
[Site "Ivrea"]
[Date "2011.03.05"]
[Round "6"]
[White "Razzano, Lorenzo"]
[Black "Castaldo, Antonio"]
[Result "1-0"]
[WhiteElo "1941"]
[BlackElo "1669"]
[PlyCount "75"]
[EventDate "2011.01.27"]
[EventType "swiss"]
[EventRounds "9"]
[EventCountry "ITA"]
[SourceTitle "EXT 2012"]
[Source "ChessBase"]
[SourceDate "2011.11.24"]
[SourceVersion "1"]
[SourceVersionDate "2011.11.24"]
[SourceQuality "1"]

1. e4 d6 2. d4 Nf6 3. Nc3 g6 4. f4 Bg7 5. e5 Nfd7 6. Nf3 0-0 7. h4 dxe5 8. dxe5 c6 9. h5 Nb6 10. Be3 Bg4 11. hxg6 fxg6 12. Be2 Nd5 13. Nxd5 cxd5 14. Qd2 e6 15. 0-0-0 Bxf3 16. Bxf3 Nc6 17. Rh3 Rf7 18. g4 Qc7 19. Rdh1 Bf8 20. Qd3 Nb4 21. Qxg6+ Rg7 22. Rxh7 Qxc2+ 23. Qxc2 Nxc2 24. Rxg7+ Bxg7 25. Kxc2 Rc8+ 26. Kd3 b6 27. Rc1 Rf8 28. Kd4 Rf7 29. b4 Bh6 30. f5 Bxe3+ 31. Kxe3 d4+ 32. Ke4 exf5+ 33. gxf5 d3 34. Rd1 Rh7 35. Rxd3 Rh4+ 36. Kd5 Rxb4 37. f6 Rb5+ 38. Ke6 1-0

[Event "Ivrea Eporediese op 28th"]
[Site "Ivrea"]
[Date "2011.02.19"]
[Round "5"]
[White "Castaldo, Antonio"]
[Black "Renzini, Lorenzo"]
[Result "1-0"]
[WhiteElo "1669"]
[BlackElo "1747"]
[PlyCount "63"]
[EventDate "2011.01.27"]
[EventType "swiss"]
[EventRounds "9"]
[EventCountry "ITA"]
[SourceTitle "EXT 2012"]
[Source "ChessBase"]
[SourceDate "2011.11.24"]
[SourceVersion "1"]
[SourceVersionDate "2011.11.24"]
[SourceQuality "1"]

1. Nf3 Nf6 2. g3 g6 3. Bg2 Bg7 4. 0-0 d5 5. d3 0-0 6. Nbd2 e6 7. e4 Nc6 8. e5 Nd7 9. d4 Ne7 10. Nb3 b6 11. Bd2 c5 12. c3 Bb7 13. Bg5 Re8 14. Qd2 Qc7 15. Bh6 cxd4 16. cxd4 Rac8 17. Rfc1 Qb8 18. Bxg7 Kxg7 19. Rc3 Rc6 20. Rac1 Rec8 21. Qg5 Rxc3 22. Rxc3 Nf5 23. Nh4 h6 24. Nxf5+ exf5 25. Qe7 Rxc3 26. bxc3 Qc8 27. e6 Ne5 28. dxe5 Qxe6 29. Qxb7 Qxe5 30. Qxd5 Qe1+ 31. Bf1 Qxc3 32. Qd4+ 1-0

[Event "Ivrea op 14th"]
[Site "Ivrea"]
[Date "2010.03.20"]
[Round "2"]
[White "Castaldo, Antonio"]
[Black "Liviabella, Lucio"]
[Result "1/2-1/2"]
[WhiteElo "1698"]
[BlackElo "1716"]
[PlyCount "179"]
[EventDate "2010.03.19"]
[EventType "swiss"]
[EventRounds "5"]
[EventCountry "ITA"]
[SourceTitle "EXT 2024"]
[Source "ChessBase"]
[SourceDate "2023.10.10"]
[SourceVersion "1"]
[SourceVersionDate "2023.10.10"]
[SourceQuality "1"]

1. Nf3 c5 2. g3 Nc6 3. Bg2 d6 4. 0-0 g6 5. d3 Bg7 6. e4 Nf6 7. Nc3 0-0 8. Nd5 Bg4 9. Nxf6+ Bxf6 10. c3 Qd7 11. Qe2 Bg7 12. Be3 f5 13. h3 Bxf3 14. Bxf3 fxe4 15. Bg4 exd3 16. Qxd3 Qe8 17. f4 Kh8 18. Bf3 a6 19. Rf2 Qc8 20. Bg2 Qc7 21. Raf1 e6 22. Kh2 Ne7 23. Qe4 Nf5 24. Bc1 Qe7 25. Qxb7 Qxb7 26. Bxb7 Ra7 27. Bh1 a5 28. g4 Nh6 29. Bc6 Raf7 30. Re2 e5 31. Bd5 Re7 32. Bd2 Rfe8 33. Rfe1 Ng8 34. Bxg8 Kxg8 35. Kg2 e4 36. b3 d5 37. Kf2 d4 38. cxd4 cxd4 39. Bxa5 d3 40. Bb4 Re6 41. f5 Bd4+ 42. Kg2 gxf5 43. gxf5 Re5 44. Bd6 dxe2 45. Bxe5 Rxe5 46. Rxe2 e3 47. Kg3 Rxf5 48. Kg2 Rf2+ 49. Rxf2 exf2 50. b4 Kf8 51. a4 Ke8 52. b5 Kd8 53. a5 Kc7 54. b6+ Kb7 55. Kf1 Ka6 56. Ke2 h6 57. h4 Kxa5 58. b7 Ba7 59. b8Q Bxb8 60. Kxf2 Bf4 61. Kf3 Bc1 62. Kg4 Kb5 63. Kf3 Kc4 64. Kg3 Kd3 65. Kf3 Be3 66. Kg2 Ke4 67. Kg3 h5 68. Kh3 Kf4 69. Kg2 Kg4 70. Kh2 Kxh4 71. Kg2 Bf4 72. Kh1 Kg3 73. Kg1 Be3+ 74. Kh1 Kf2 75. Kh2 Kf1 76. Kh1 h4 77. Kh2 Kf2 78. Kh1 Kf3 79. Kh2 Bf4+ 80. Kh1 h3 81. Kg1 Kg3 82. Kh1 Kh4 83. Kg1 h2+ 84. Kg2 Kg4 85. Kh1 Kf5 86. Kg2 Ke4 87. Kh1 Ke3 88. Kg2 Ke2 89. Kh1 Bg3 90. Kg2 1/2-1/2

[Event "ITA-ch qual"]
[Site "Arvier"]
[Date "2009.10.04"]
[Round "9"]
[White "Lisandri, Luigi"]
[Black "Castaldo, Antonio"]
[Result "1/2-1/2"]
[WhiteElo "1480"]
[BlackElo "1738"]
[PlyCount "98"]
[EventDate "2009.09.26"]
[EventType "swiss"]
[EventRounds "9"]
[EventCountry "ITA"]
[SourceTitle "CBM 132 Extra"]
[Source "ChessBase"]
[SourceDate "2009.11.03"]
[SourceVersion "1"]
[SourceVersionDate "2009.11.03"]
[SourceQuality "1"]

1. c4 Nf6 2. b3 g6 3. Bb2 Bg7 4. e4 d6 5. Be2 0-0 6. Bf3 e5 7. Ne2 Nbd7 8. Ba3 h6 9. Nbc3 Nh7 10. Ng3 Ng5 11. Bg4 Nf6 12. Be2 Ne6 13. Qc1 Nf4 14. Bf1 Nh7 15. Qc2 f5 16. 0-0-0 fxe4 17. Ngxe4 Bf5 18. f3 Ng5 19. d3 Nge6 20. Qf2 Bxe4 21. Nxe4 Nd4 22. Bb2 c5 23. Bxd4 cxd4 24. Rd2 Rf7 25. h4 Rc8 26. Kb2 Ne6 27. Qe1 Nc5 28. Kb1 Rc6 29. Be2 Nxe4 30. dxe4 Rfc7 31. Qg3 Kh7 32. Qg4 h5 33. Qh3 b5 34. Rc2 b4 35. g4 Qf6 36. gxh5 gxh5 37. Qf5+ Qxf5 38. exf5 Rf7 39. Rg1 Rcc7 40. Bd3 Rf6 41. Rg6 Rxg6 42. fxg6+ Kh6 43. Rg2 Rc8 44. Be4 Rf8 45. Kc2 Rf4 46. Rh2 Bf6 47. Rh3 Rxh4 48. Rxh4 Bxh4 49. Bf5 Bg5 1/2-1/2

[Event "ITA-ch qual"]
[Site "Arvier"]
[Date "2009.09.30"]
[Round "5"]
[White "Bitti, Sandro"]
[Black "Castaldo, Antonio"]
[Result "1-0"]
[WhiteElo "1718"]
[BlackElo "1738"]
[PlyCount "129"]
[EventDate "2009.09.26"]
[EventType "swiss"]
[EventRounds "9"]
[EventCountry "ITA"]
[SourceTitle "CBM 132 Extra"]
[Source "ChessBase"]
[SourceDate "2009.11.03"]
[SourceVersion "1"]
[SourceVersionDate "2009.11.03"]
[SourceQuality "1"]

1. d4 Nf6 2. c4 g6 3. f3 Bg7 4. e4 d6 5. Nc3 0-0 6. Bg5 Nc6 7. Qd2 Re8 8. Nge2 a6 9. a4 Na5 10. Nc1 Nc6 11. N1e2 a5 12. Bh6 Nb4 13. Bxg7 Kxg7 14. Ng3 e5 15. d5 Na6 16. Bd3 Nc5 17. Ra3 Rf8 18. 0-0 h5 19. Bc2 h4 20. Nge2 h3 21. g3 Rh8 22. f4 exf4 23. Qxf4 Qe7 24. Nd4 Bd7 25. Nf3 Nh5 26. Qe3 b6 27. Nb5 Bxb5 28. axb5 Nd7 29. Ng5 Ne5 30. Rc3 Nf6 31. Bd1 Raf8 32. Qf4 Ned7 33. g4 Nc5 34. Re1 Qe5 35. Qxe5 dxe5 36. Rxh3 Rxh3 37. Nxh3 Nfxe4 38. Re2 f6 39. Bc2 Nd6 40. b3 e4 41. Nf2 f5 42. h3 Re8 43. h4 f4 44. h5 e3 45. Nh3 f3 46. Re1 f2+ 47. Nxf2 exf2+ 48. Kxf2 Rxe1 49. Kxe1 gxh5 50. gxh5 Kh6 51. Bd1 Nde4 52. Bc2 Ng3 53. Kf2 Nxh5 54. Kf3 Kg5 55. Bd1 Nf4 56. Bc2 Nfd3 57. Ke3 Nc1 58. Kd4 N1xb3+ 59. Ke5 Kh6 60. d6 a4 61. dxc7 Kg5 62. c8Q a3 63. Qf5+ Kh4 64. Bxb3 Nxb3 65. Kf4 1-0

[Event "ITA-ch qual"]
[Site "Arvier"]
[Date "2009.09.29"]
[Round "4"]
[White "Castaldo, Antonio"]
[Black "Trifoni, Giorgio"]
[Result "0-1"]
[WhiteElo "1738"]
[BlackElo "1639"]
[PlyCount "104"]
[EventDate "2009.09.26"]
[EventType "swiss"]
[EventRounds "9"]
[EventCountry "ITA"]
[SourceTitle "CBM 132 Extra"]
[Source "ChessBase"]
[SourceDate "2009.11.03"]
[SourceVersion "1"]
[SourceVersionDate "2009.11.03"]
[SourceQuality "1"]

1. Nf3 b6 2. g3 Bb7 3. Bg2 e6 4. 0-0 Ne7 5. d3 d6 6. e4 Nd7 7. Nh4 g6 8. f4 Bg7 9. Nc3 0-0 10. Nf3 h6 11. d4 a6 12. e5 d5 13. Ne2 c5 14. c3 a5 15. Rf2 a4 16. Nh4 b5 17. Rb1 Kh7 18. Bd2 Qc7 19. Rc1 Qb6 20. Be3 c4 21. a3 Nf5 22. Nxf5 exf5 23. Kh1 Rae8 24. Ng1 Qe6 25. Nf3 Rd8 26. Qc2 Rfe8 27. Bh3 Qe7 28. Nh4 Nf8 29. Bxf5 gxf5 30. Nxf5 Qe6 31. Nd6+ Kh8 32. Nxb7 Rb8 33. Nc5 Qg6 34. f5 Qh7 35. Qd2 f6 36. e6 Re7 37. Bf4 Rd8 38. g4 Kg8 39. Na6 Nxe6 40. Bd6 Rxd6 41. fxe6 Rxa6 42. Qf4 Qe4+ 43. Qxe4 dxe4 44. d5 Rd6 45. Rd1 Rexe6 46. dxe6 Rxd1+ 47. Kg2 Rd6 48. e7 Re6 49. Rd2 Rxe7 50. Rd5 Re5 51. Rd4 Bf8 52. Kf2 Bc5 0-1

[Event "Ivrea op 14th"]
[Site "Ivrea"]
[Date "2008.03.16"]
[Round "5"]
[White "Castaldo, Antonio"]
[Black "Bisi, Samuele"]
[Result "1-0"]
[WhiteElo "1523"]
[BlackElo "1530"]
[PlyCount "173"]
[EventDate "2008.03.14"]
[EventType "swiss"]
[EventRounds "5"]
[EventCountry "ITA"]
[SourceTitle "EXT 2011"]
[Source "ChessBase"]
[SourceDate "2010.11.26"]
[SourceVersion "1"]
[SourceVersionDate "2010.11.26"]
[SourceQuality "1"]

1. Nf3 d5 2. g3 Nc6 3. Bg2 e5 4. d3 Bc5 5. 0-0 Nge7 6. Nxe5 Nxe5 7. d4 Bxd4 8. Qxd4 f6 9. Bf4 N5g6 10. Rd1 Nxf4 11. Qxf4 0-0 12. Nc3 c6 13. e3 Qb6 14. b3 Bf5 15. e4 dxe4 16. Nxe4 Bg6 17. Nd6 Bxc2 18. Qc4+ Kh8 19. Qxc2 Rad8 20. Rd2 Ng6 21. Qc4 Rd7 22. Nc8 Qd8 23. Rxd7 Qxd7 24. Nxa7 Ne5 25. Qc5 Ra8 26. Bf1 b6 27. Qxb6 Qxa7 28. Qxa7 Rxa7 29. a4 Kg8 30. Kg2 Kf8 31. Rc1 Ke7 32. f4 Ng4 33. Rxc6 Ne3+ 34. Kf2 Ng4+ 35. Kg1 Kd7 36. Bb5 Ke7 37. Bf1 Kd7 38. Rc3 f5 39. h3 Nf6 40. Bg2 Nh5 41. Kf2 Rc7 42. Rxc7+ Kxc7 43. Bf3 Nf6 44. g4 fxg4 45. hxg4 Nd7 46. Ke3 Nc5 47. Bd5 Kd6 48. Kd4 Na6 49. f5 Nb4 50. Bg8 h6 51. Kc4 Nc6 52. b4 Ne5+ 53. Kb5 Kc7 54. a5 Kb7 55. Bd5+ Ka7 56. a6 Nxg4 57. Bb7 Ne5 58. Kc5 Nd3+ 59. Kc4 Nb2+ 60. Kd5 Nd3 61. b5 h5 62. Ke6 Nc5+ 63. Ke5 h4 64. Bg2 Nd3+ 65. Ke4 h3 66. Bf3 Ne1 67. Kf4 h2 68. Bb7 Nd3+ 69. Kg5 Ne5 70. Kh4 Nd3 71. Kg3 Nc5 72. Bh1 Kb6 73. Kxh2 Nxa6 74. bxa6 Kxa6 75. Bf3 Kb6 76. Bh5 Kc7 77. Kg3 Kd7 78. Kg4 Ke7 79. Kg5 Kf8 80. Kg6 Kg8 81. Bf3 Kh8 82. Kf7 Kh7 83. Be4 Kh8 84. Kf8 g6 85. f6 g5 86. f7 g4 87. Ke7 1-0